[Event "Ruhrgebiet Verbandsklasse Gruppe 2 1819"]
[Site "Nordrheinwestfalen"]
[Date "2019.03.24"]
[Round "8.7"]
[White "Tober, Julian"]
[Black "Benning, Robert"]
[Result "1-0"]
[WhiteElo "1732"]
[BlackElo "1379"]
[PlyCount "39"]
[EventDate "2018.09.23"]
[EventType "team-tourn"]
[EventRounds "9"]
[EventCountry "GER"]
[SourceTitle "EXT 2022"]
[Source "ChessBase"]
[SourceDate "2021.10.06"]
[SourceVersion "1"]
[SourceVersionDate "2021.10.06"]
[SourceQuality "1"]
[WhiteTeam "Unser Fritz"]
[BlackTeam "Bochum SG IV"]
[WhiteTeamCountry "GER"]
[BlackTeamCountry "GER"]

1. e4 d5 2. exd5 Nf6 3. d4 Nxd5 4. c4 Nf6 5. Nc3 Bg4 6. Be2 Bxe2 7. Ngxe2 e6 8. 0-0 Bd6 9. Qb3 b6 10. Bg5 Bxh2+ 11. Kxh2 Ng4+ 12. Kg3 Qxg5 13. Qb5+ Qxb5 14. Nxb5 Nxf2 15. Nxc7+ Kd8 16. Nxa8 Ne4+ 17. Kh2 Rf8 18. d5 exd5 19. Nf4 dxc4 20. Ne6+ 1-0

[Event "Dortmund Sparkassen op-B"]
[Site "Dortmund"]
[Date "2010.07.25"]
[Round "9"]
[White "Goldbeck, Daniel Ernst"]
[Black "Benning, Robert"]
[Result "0-1"]
[WhiteElo "1477"]
[BlackElo "1437"]
[PlyCount "66"]
[EventDate "2010.07.17"]
[EventType "swiss"]
[EventRounds "9"]
[EventCountry "GER"]
[SourceTitle "EXT 2014"]
[Source "ChessBase"]
[SourceDate "2013.11.20"]
[SourceVersion "1"]
[SourceVersionDate "2013.11.20"]
[SourceQuality "1"]

1. e4 d5 2. exd5 Nf6 3. d4 Nxd5 4. c4 Nf6 5. Nc3 e6 6. Bf4 Bb4 7. Nf3 0-0 8. Bd3 c5 9. 0-0 cxd4 10. Nxd4 Bxc3 11. bxc3 Qa5 12. Nb5 Na6 13. Qf3 Bd7 14. Nd6 e5 15. Nxb7 Qc7 16. Bg5 Bc6 17. Qg3 Nh5 18. Qh4 g6 19. g4 Nf4 20. Qh6 f6 21. Bxf4 exf4 22. Nd6 Qxd6 23. Bxg6 Qc7 24. Bf5 Nc5 25. Rfe1 Rae8 26. h4 Qg7 27. Qxf4 Bd7 28. Rad1 Bxf5 29. Qxf5 Re5 30. Rxe5 fxe5 31. Qh5 Ne4 32. Rd5 Nf6 33. Qxe5 Nxd5 0-1

[Event "Dortmund Sparkassen op-B"]
[Site "Dortmund"]
[Date "2010.07.23"]
[Round "7"]
[White "Huebben, Dominik"]
[Black "Benning, Robert"]
[Result "1-0"]
[WhiteElo "1746"]
[BlackElo "1437"]
[PlyCount "131"]
[EventDate "2010.07.17"]
[EventType "swiss"]
[EventRounds "9"]
[EventCountry "GER"]
[SourceTitle "EXT 2014"]
[Source "ChessBase"]
[SourceDate "2013.11.20"]
[SourceVersion "1"]
[SourceVersionDate "2013.11.20"]
[SourceQuality "1"]

1. e4 d5 2. a3 dxe4 3. Nc3 Nf6 4. Qe2 Qd4 5. f3 exf3 6. Nxf3 Qd8 7. d4 Nc6 8. Bf4 a6 9. 0-0-0 e6 10. d5 Bd6 11. Bxd6 Qxd6 12. dxc6 Qxc6 13. Qc4 Qxc4 14. Bxc4 0-0 15. Rd2 b5 16. Ba2 Bb7 17. Ne5 Rad8 18. Rhd1 Rxd2 19. Rxd2 g6 20. g3 c5 21. Nd7 Nxd7 22. Rxd7 Bc6 23. Rc7 Bf3 24. Rxc5 Re8 25. Re5 Bg4 26. Ne4 Kg7 27. Nf2 f6 28. Re3 h5 29. Nxg4 hxg4 30. Rxe6 Rxe6 31. Bxe6 f5 32. Kd2 Kf6 33. Bc8 a5 34. Bd7 b4 35. axb4 axb4 36. Ke3 Ke5 37. c3 bxc3 38. bxc3 g5 39. Bxf5 Kxf5 40. Kd4 Ke6 41. c4 Kd6 42. c5+ Kc7 43. Ke5 Kc6 44. Kf5 Kxc5 45. Kxg4 Kd6 46. Kxg5 Ke7 47. Kg6 Ke6 48. h4 Ke7 49. Kg7 Ke6 50. h5 Kf5 51. h6 Kg4 52. h7 Kxg3 53. h8Q Kg2 54. Qh4 Kg1 55. Qh3 Kf2 56. Kf6 Ke2 57. Qg3 Kd2 58. Qf3 Kc2 59. Qe3 Kb2 60. Qd3 Ka2 61. Qc3 Kb1 62. Qd2 Ka1 63. Ke5 Kb1 64. Kd4 Ka1 65. Kc3 Kb1 66. Qb2# 1-0

[Event "GER-chT U16"]
[Site "Verden an der Aller"]
[Date "2009.12.30"]
[Round "7.4"]
[White "Horbach, Marc"]
[Black "Benning, Robert"]
[Result "1/2-1/2"]
[WhiteElo "1389"]
[BlackElo "1316"]
[PlyCount "80"]
[EventDate "2009.12.27"]
[EventType "team-swiss"]
[EventRounds "7"]
[EventCountry "GER"]
[SourceTitle "EXT 2022"]
[Source "ChessBase"]
[SourceDate "2021.10.06"]
[SourceVersion "1"]
[SourceVersionDate "2021.10.06"]
[SourceQuality "1"]
[WhiteTeam "Herzogenrath U16"]
[BlackTeam "Bochum SG 31 U16"]
[WhiteTeamCountry "GER"]
[BlackTeamCountry "GER"]

1. e4 d5 2. exd5 Nf6 3. d4 Nxd5 4. c4 Nf6 5. Nf3 Bg4 6. Be2 e6 7. 0-0 c5 8. Be3 Qb6 9. b3 Nc6 10. dxc5 Bxc5 11. Bxc5 Qxc5 12. Nc3 0-0 13. a3 Rfd8 14. Qc1 Rab8 15. b4 Qf5 16. Rd1 Bxf3 17. Bxf3 Ne5 18. Bxb7 Nd3 19. Qe3 Rxb7 20. Ra2 Rbd7 21. Rad2 Ne5 22. Qxa7 Rxd2 23. Rxd2 Nf3+ 24. gxf3 Qg5+ 25. Kf1 Qxd2 26. Qc7 Re8 27. Nb5 Qd3+ 28. Kg2 h6 29. Nd6 Rf8 30. b5 Qxa3 31. b6 Ne8 32. Nxe8 Rxe8 33. b7 Qb4 34. c5 Qb1 35. Qd7 Qg6+ 36. Kf1 Qb1+ 37. Ke2 Qc2+ 38. Kf1 Qb1+ 39. Kg2 Qg6+ 40. Kf1 Qb1+ 1/2-1/2

[Event "GER-chT U16"]
[Site "Verden an der Aller"]
[Date "2009.12.27"]
[Round "2.4"]
[White "Benning, Robert"]
[Black "Kueneke, Niklas"]
[Result "1-0"]
[WhiteElo "1316"]
[BlackElo "1173"]
[PlyCount "93"]
[EventDate "2009.12.27"]
[EventType "team-swiss"]
[EventRounds "7"]
[EventCountry "GER"]
[SourceTitle "EXT 2022"]
[Source "ChessBase"]
[SourceDate "2021.10.06"]
[SourceVersion "1"]
[SourceVersionDate "2021.10.06"]
[SourceQuality "1"]
[WhiteTeam "Bochum SG 31 U16"]
[BlackTeam "Illingen Turm U16"]
[WhiteTeamCountry "GER"]
[BlackTeamCountry "GER"]

1. d4 d5 2. c4 c6 3. Nf3 Nf6 4. Bg5 Nbd7 5. Nc3 dxc4 6. e3 h6 7. Bh4 e6 8. Bxc4 Be7 9. 0-0 Nb6 10. Bd3 Nfd5 11. Bxe7 Qxe7 12. Ne5 Nb4 13. Be4 N6d5 14. a3 Nxc3 15. bxc3 Nd5 16. c4 Nc3 17. Qd3 Nxe4 18. Qxe4 Qd6 19. f4 b6 20. Qxc6+ Qxc6 21. Nxc6 0-0 22. Ne7+ Kh7 23. Nxc8 Raxc8 24. Rfc1 Kg6 25. Kf2 f6 26. c5 e5 27. cxb6 Rxc1 28. Rxc1 axb6 29. Rc6 exd4 30. exd4 Ra8 31. Rc3 Ra4 32. Rd3 b5 33. Kf3 Kf5 34. g3 b4 35. axb4 Rxb4 36. d5 Rb7 37. g4+ Kg6 38. d6 Rd7 39. Ke4 Kf7 40. Kf5 g6+ 41. Ke4 Ke6 42. f5+ gxf5+ 43. gxf5+ Kf7 44. Kd5 Rd8 45. Rc3 Ke8 46. Ke6 Rd7 47. Rc8+ 1-0

[Event "Dortmund op-B"]
[Site "Dortmund"]
[Date "2009.07.12"]
[Round "9"]
[White "Knack, Willi"]
[Black "Benning, Robert"]
[Result "1-0"]
[WhiteElo "1600"]
[BlackElo "1239"]
[PlyCount "115"]
[EventDate "2009.07.04"]
[EventType "swiss"]
[EventRounds "9"]
[EventCountry "GER"]
[SourceTitle "EXT 2012"]
[Source "ChessBase"]
[SourceDate "2011.11.24"]
[SourceVersion "1"]
[SourceVersionDate "2011.11.24"]
[SourceQuality "1"]

1. e4 d5 2. e5 c5 3. d3 Bf5 4. Nc3 e6 5. Nce2 Nc6 6. f4 Qb6 7. Nf3 Nge7 8. Ng3 Rd8 9. Nxf5 Nxf5 10. g4 Nfd4 11. c3 Nxf3+ 12. Qxf3 d4 13. c4 Qa5+ 14. Kf2 Be7 15. h4 Qa4 16. Qe2 Rf8 17. b3 Qb4 18. Bd2 Qa3 19. Bg2 Qa6 20. Kg3 Rg8 21. Qe4 h6 22. Rhf1 Qb6 23. Rae1 Qc7 24. h5 Kd7 25. Kh3 Kc8 26. f5 Rde8 27. fxe6 fxe6 28. Rf7 Ref8 29. Ref1 Rxf7 30. Rxf7 Nxe5 31. Rxe7 Qxe7 32. Qxe5 Rf8 33. Bf4 b6 34. Bc6 Rxf4 35. Qxf4 Qf6 36. Kg3 e5 37. Qxf6 gxf6 38. Kf3 Kc7 39. Bd5 Kd6 40. Ke4 a6 41. Kf5 b5 42. Kg6 bxc4 43. bxc4 e4 44. Bxe4 Ke5 45. Kxh6 Kf4 46. Kg6 Kxg4 47. h6 f5 48. Bxf5+ Kf3 49. h7 Ke2 50. h8Q Kd2 51. Qb8 Kc3 52. Qb3+ Kd2 53. Kg5 a5 54. Kf4 a4 55. Qb2+ Ke1 56. Kf3 Kd1 57. Kf2 a3 58. Bg4# 1-0

[Event "Dortmund op-B"]
[Site "Dortmund"]
[Date "2009.07.10"]
[Round "7"]
[White "Benning, Robert"]
[Black "Maibaum, Ludwig"]
[Result "0-1"]
[WhiteElo "1239"]
[BlackElo "1594"]
[PlyCount "82"]
[EventDate "2009.07.04"]
[EventType "swiss"]
[EventRounds "9"]
[EventCountry "GER"]
[SourceTitle "EXT 2012"]
[Source "ChessBase"]
[SourceDate "2011.11.24"]
[SourceVersion "1"]
[SourceVersionDate "2011.11.24"]
[SourceQuality "1"]

1. d4 Nf6 2. Nf3 d5 3. c4 e6 4. Nc3 c6 5. Bg5 Be7 6. e3 0-0 7. Bd3 Nbd7 8. 0-0 dxc4 9. Bxc4 Nd5 10. Bxe7 Qxe7 11. Qc2 N5f6 12. Bd3 e5 13. dxe5 Nxe5 14. Nxe5 Qxe5 15. Ne4 g6 16. Nxf6+ Qxf6 17. f4 Re8 18. Rf3 Bg4 19. Rg3 Bh5 20. f5 g5 21. h4 h6 22. hxg5 hxg5 23. Qc3 Qh6 24. Re1 g4 25. Be2 Qd6 26. e4 Rxe4 27. Bf3 Qxg3 28. Bxe4 Qxc3 29. bxc3 Re8 30. Kf2 Kg7 31. Kg3 Kh6 32. Kh4 f6 33. Re2 g3 34. Re3 Rg8 35. Rxg3 Rxg3 36. Kxg3 Kg5 37. Bf3 Bxf3 38. gxf3 Kxf5 39. f4 Ke4 40. Kg4 f5+ 41. Kg5 b5 0-1

[Event "Dortmund Sparkassen op-B"]
[Site "Dortmund"]
[Date "2008.07.05"]
[Round "8"]
[White "Benning, Robert"]
[Black "Gegner, Michael"]
[Result "1/2-1/2"]
[WhiteElo "1192"]
[BlackElo "1513"]
[PlyCount "105"]
[EventDate "2008.06.30"]
[EventType "swiss"]
[EventRounds "9"]
[EventCountry "GER"]
[SourceTitle "EXT 2022"]
[Source "ChessBase"]
[SourceDate "2021.10.06"]
[SourceVersion "1"]
[SourceVersionDate "2021.10.06"]
[SourceQuality "1"]

1. d4 Nf6 2. c4 e5 3. dxe5 Ne4 4. Qd5 Nc5 5. Nf3 Nc6 6. Nc3 Nb4 7. Qd1 d6 8. exd6 Bf5 9. dxc7 Qe7 10. Nd5 Nxd5 11. Qxd5 Nd3+ 12. Kd1 Nxf2+ 13. Ke1 Nd3+ 14. Kd1 Be4 15. Qb5+ Bc6 16. Qf5 Nf2+ 17. Ke1 Bd7 18. c8Q+ Rxc8 19. Qa5 Nxh1 20. Qxa7 Qc5 21. Be3 Qb4+ 22. Nd2 Bc5 23. Bxc5 Qxc5 24. Qxc5 Rxc5 25. Rc1 0-0 26. b4 Rf5 27. Nf3 Rf6 28. g3 Re8 29. Bg2 Bc6 30. Rc3 g5 31. b5 g4 32. bxc6 gxf3 33. Bxf3 Nxg3 34. hxg3 bxc6 35. a4 Ra8 36. Ra3 Ra7 37. c5 Ra5 38. Rd3 Rxa4 39. Rd6 Rxd6 40. cxd6 Rd4 41. Bxc6 Rxd6 42. Bf3 Kg7 43. Kf2 Kf6 44. Ke3 Ke5 45. Bg4 Rg6 46. Kf3 Rg5 47. Bc8 f5 48. Bb7 Rg4 49. Bc8 Rc4 50. Ba6 Rc3+ 51. Bd3 h5 52. Ke3 Ra3 53. Kf3 1/2-1/2